Political Theology in Transition (Record no. 23621)
[ view plain ]
| 000 -LEADER | |
|---|---|
| fixed length control field | 00728nam a22001457a 4500 |
| 082 ## - DEWEY DECIMAL CLASSIFICATION NUMBER | |
| Classification number | 261.7 |
| Author Cutter | VIN |
| 100 ## - MAIN ENTRY--AUTHOR NAME | |
| Author name | Vinayaraj Y.T |
| 245 ## - TITLE STATEMENT | |
| Title | Political Theology in Transition |
| 260 ## - PUBLICATION, DISTRIBUTION, ETC. (IMPRINT) | |
| Place of publication | Delhi |
| Name of publisher | Christian World Imprints |
| Year of publication | 2020 |
| 300 ## - PHYSICAL DESCRIPTION | |
| Number of Pages | 109 |
| 505 ## - FORMATTED CONTENTS NOTE | |
| Formatted contents note | Empire, multitude, and the church : political theology after Hardt and Negri<br/>Subalternity, marginality, and planetarity : Spivak and the postcolonial political theology<br/>Messianic politics and church : political theology of Giorgio Agamben<br/>Religion as the ethico-political practice of justice : political theology after Ambedkar<br/>Theology as political practice : political theology after Gilles Deleuze |
| 650 ## - SUBJECT ADDED ENTRY--TOPICAL TERM | |
| Topical Term | Political theology |
| 942 ## - ADDED ENTRY ELEMENTS (KOHA) | |
| Koha item type | Books |
| Home library | Current library | Shelving location | Date acquired | Source of acquisition | Cost, normal purchase price | Full call number | Accession Number | Koha item type |
|---|---|---|---|---|---|---|---|---|
| Henry Martyn Institute Library | Henry Martyn Institute Library | General stacks | 10/08/2025 | Director | 450.00 | 261.7 VIN | 11004540 | Books |
